UK Political Parties by Symbol - Statistics

General Stats
  • This quiz has been taken 123 times
  • The average score is 12 of 16
Answer Stats
Picture Answer % Correct
Labour Party
100%
Conservative Party
99%
Green Party
99%
Liberal Democrats
97%
Scottish National Party
93%
Sinn Féin
90%
Reform UK
86%
Plaid Cymru
80%
Democratic Unionist Party
76%
Alliance
61%
Ulster Unionist Party
58%
Alba Party
53%
Workers' Party of Britain
48%
Social Democratic and Labour Party
47%
People Before Profit
35%
UK Independence Party
33%
No matching quizzes found
Score Distribution
Percent of People with Each Score
Percentile by Number Answered
Your Score History
You have not taken this quiz